000 00463nam a2200157Ia 4500
008 151021s9999 xx 000 0 und d
020 _a8181283562
050 _aTP440.A7882008
245 _a_Fruit processing Nutrition,products,and quality management(2nd ed.)
260 _aIndia Springer 2008
300 _axi,312p;ill.
500 _aIncludes index
650 _a_fruit processing
700 _a_philip R.Ashurst
980 _a^d20110120 09:25:17^okorir
999 _c6238
_d6238